000
00410nam a2200133Ia 4500
008
100328s9999 xx 000 0 und d
082
_b
11370
100
_a
पंडित रघुनाथ
245
_a
दमयंती स्वयंवर
260
_b
व्हीनस
630
_a
दमयंती स्वयंवर
730
_a
दमयंती स्वयंवर
942
_c
BOOK
999
_c
506697
_d
506694